Szczegóły MARC21

Slovar' literaturovedčeskih terminov /

003 -Nazwa inst., której nr kontr. jest w polu 001 [,]
    • @
    • Nazwa instytucji, której n kontrolny jest w polu 001
    • NUKAT
005 -DATA I CZAS OSTATNIEJ MODYFIKACJI [,]
    • @
    • pole kontrolne
    • 20241231090818.0
040 -Instytucja sporządzająca opis [ , ]
    • a
    • Instytucja, która sporządziła opis (NP)
    • KAT U/41BM
    • c
    • Instytucja, która sporządziła rekord (NP)
    • KAT U/41BMs
    • d
    • Instytucja, która zmodyfikowała rekord (P)
    • KAT U/41BM
    • d
    • Instytucja, która zmodyfikowała rekord (P)
    • WA U/59BBMs
942 -Rodzaj dokumentu [ , ]
    • c
    • Rodzaj dokumentu
    • Książka
245 -Strefa tytułu i oznaczenia odpowiedzialności [0,0]
    • a
    • Tytuł
    • Slovar' literaturovedčeskih terminov / Find
    • c
    • Pozostałe elementy strefy tytułu i oznaczenia odpowiedzialności (NP)
    • red.-sost. L. I. Timofeev i S. N. Turaev.
260 -Strefa adresu wydawniczego [ , ]
    • a
    • Miejsce wydania (P)
    • Moskva :
    • b
    • Nazwa wydawcy (P)
    • "Prosveŝenie",
    • c
    • Data wydania (P)
    • 1974.
300 -Strefa opisu fizycznego [ , ]
    • a
    • Określenie formy książki i/lub objętość (NP)
    • 509, [1] s. ;
    • c
    • Format (NP)
    • 22 cm.
336 -Typ zawartości [ , ]
    • a
    • Termin opisujący typ zawartości
    • Tekst
    • b
    • Kod określający zawartość
    • txt
    • 2
    • Źródło (terminu i kodu)
    • rdacontent
337 -Typ mediów [ , ]
    • a
    • Tryb odtwarzania
    • Bez urządzenia pośredniczącego
    • b
    • Kod typu mediów
    • n
    • 2
    • Źródło (terminu i kodu)
    • rdamedia
338 -Typ/rodzaj nośnika [ , ]
    • a
    • Hasło opisujące typ nośnika
    • Wolumin
    • b
    • Kod typu nośnika
    • nc
    • 2
    • Źródło (terminu i kodu)
    • rdacarrier
500 -Uwaga ogólna [ , ]
    • a
    • Uwaga ogólna (NP)
    • Druk dwuszpaltowy.
504 -Uwaga dot. bibliogr. załącznikowej [ , ]
    • a
    • Uwaga dot. bibliografii załącznikowej
    • Indeksy.
080 -Uniwersalna Klasyfikacja Dziesiętna [ , ]
    • a
    • Symbol klasyfikacji
    • 82.0(038)=82
650 -Hasło przedmiotowe [ ,7]
    • a
    • Hasło przedmiotowe
    • Teoria literatury
    • v
    • Określnik formalny
    • słowniki rosyjskie.
    • 2
    • Źródło terminu
    • kaba
    • 9
    • KHW
    • 585328
650 -Hasło przedmiotowe [ ,7]
    • a
    • Hasło przedmiotowe
    • Literatura
    • x
    • Określnik rzeczowy
    • terminologia.
    • 2
    • Źródło terminu
    • kaba
    • 9
    • KHW
    • 117069
650 -Hasło przedmiotowe [ ,7]
    • a
    • Hasło przedmiotowe
    • Literatura
    • v
    • Określnik formalny
    • słowniki rosyjskie.
    • 2
    • Źródło terminu
    • kaba
    • 9
    • KHW
    • 540106
980 -Symbol UKD [ , ]
    • a
    • UKD
    • 82.0(038)=82
700 -Hasło dodatkowe - nazwa osobowa [1, ]
    • a
    • Nazwa osobowa (NP)
    • Turaev, Sergej Vasilʹevič Find
    • d
    • Daty biograficzne (NP)
    • (1911-2008).
    • e
    • Określenie rodzaju współpracy
    • Red.
    • 9
    • KHW
    • 255351
700 -Hasło dodatkowe - nazwa osobowa [1, ]
    • a
    • Nazwa osobowa (NP)
    • Timofeev, Leonid Ivanovič Find
    • d
    • Daty biograficzne (NP)
    • (1903-1984).
    • e
    • Określenie rodzaju współpracy
    • Red.
    • 9
    • KHW
    • 423689
Lokalizacja Data inwentaryzacji Sygnatura Numer inwentarzowy Status udost.
BM2005-07-26ROS. Literaturoznawstwo 05P.196871